Name That AEW Stable - Statistics

General Stats
  • This quiz has been taken 1,290 times
  • The average score is 9 of 12
Answer Stats
Wrestlers Group Name % Correct
Evil Uno, Stu Grayson, Alex Reynolds, John Silver, Preston Vance, Tay Conti etc. The Dark Order
93%
Kenny Omega, Matt Jackson, Nick Jackson, Doc Gallows & Karl Anderson The Elite
93%
Chris Jericho, Sammy Guevara, Jake Hager, Ortiz & Santana The Inner Circle
91%
Trent, Chuck Taylor, Orange Cassidy & Kris Statlander Best Friends
89%
Pac, Pentagon & Fenix Death Triangle
87%
Luchasaurus, Jungle Boy & Marko Stunt Jurassic Express
84%
MJF, Wardlow, Dax Harwood, Cash Wheeler & Shawn Spears The Pinnacle
79%
Brian Cage, Ricky Starks, Powerhouse Hobbs & Hook Team Taz
78%
Cody Rhodes, Dustin Rhodes, Austin Gunn, Colten Gunn, Lee Johnson etc. The Nightmare Family
60%
QT Marshall, Anthony Ogogo, Nick Comoroto & Aaron Solow The Factory
57%
Matt Hardy, Isiah Kassidy, Marq Quen, The Butcher, The Blade, Angelico etc. The Hardy Family Office
48%
Brandi Rhodes, Luther, Mel & Awesome Kong The Nightmare Collective
32%
No matching quizzes found
Score Distribution
Percent of People with Each Score
Percentile by Number Answered
Your Score History
You have not taken this quiz